Happiness : (Record no. 732142)

MARC details
000 -LEADER
fixed length control field 01313nam a2200457 a 4500
001 - CONTROL NUMBER
control field vtls001392597
003 - CONTROL NUMBER IDENTIFIER
control field NLI
005 - DATE AND TIME OF LATEST TRANSACTION
control field 20230427111418.0
008 - FIXED-LENGTH DATA ELEMENTS--GENERAL INFORMATION
fixed length control field 121017s2011 ii e 001 0 eng d
020 ## - INTERNATIONAL STANDARD BOOK NUMBER
International Standard Book Number 9788130910741
Terms of availability Rs. 195.00
Qualifying information pbk
039 #9 - LEVEL OF BIBLIOGRAPHIC CONTROL AND CODING DETAIL [OBSOLETE]
Level of rules in bibliographic description 201902011332
Level of effort used to assign nonsubject heading access points Pravinbp
Level of effort used to assign subject headings 201901021652
Level of effort used to assign classification somnathp
Level of effort used to assign subject headings 201812271717
Level of effort used to assign classification Pravinbp
Level of effort used to assign subject headings 201811141812
Level of effort used to assign classification atanum
040 ## - CATALOGING SOURCE
Original cataloging agency NLI
Language of cataloging eng
Transcribing agency EPD
041 0# - LANGUAGE CODE
Language code of text/sound track or separate title eng
044 ## - COUNTRY OF PUBLISHING/PRODUCING ENTITY CODE
MARC country code ii
082 04 - DEWEY DECIMAL CLASSIFICATION NUMBER
Classification number 152.42
Edition number 22
100 1# - MAIN ENTRY--PERSONAL NAME
Personal name Singh, Just Win
9 (RLIN) 847227
245 10 - TITLE STATEMENT
Title Happiness :
Remainder of title gain and retain/
Statement of responsibility, etc. Just Win Singh
260 ## - PUBLICATION, DISTRIBUTION, ETC.
Place of publication, distribution, etc. New Delhi :
Name of publisher, distributor, etc. Viva Books,
Date of publication, distribution, etc. 2011
300 ## - PHYSICAL DESCRIPTION
Extent viii, 141 p.;
Dimensions 22 cm.
500 ## - GENERAL NOTE
General note Third impression : 2010 (cop.2)
500 ## - GENERAL NOTE
General note Library has 4 copies
650 #0 - SUBJECT ADDED ENTRY--TOPICAL TERM
Topical term or geographic name entry element Happiness
9 (RLIN) 679855
650 #0 - SUBJECT ADDED ENTRY--TOPICAL TERM
Topical term or geographic name entry element Self-culture
650 #0 - SUBJECT ADDED ENTRY--TOPICAL TERM
Topical term or geographic name entry element Indic poetry
9 (RLIN) 781709
887 ## - NON-MARC INFORMATION FIELD
Content of non-MARC field Tripti Das Roy Pravinbp1
887 ## - NON-MARC INFORMATION FIELD
Content of non-MARC field Pravinbp2
887 ## - NON-MARC INFORMATION FIELD
Content of non-MARC field upenmurmu
901 ## - LOCAL DATA ELEMENT A, LDA (RLIN)
a DB128386 :
b 07.02.12
901 ## - LOCAL DATA ELEMENT A, LDA (RLIN)
a DB119748 (cop.2) :
b 17.07.10
901 ## - LOCAL DATA ELEMENT A, LDA (RLIN)
a DB161313 (cop.2) :
b 10.6.2016
902 ## - LOCAL DATA ELEMENT B, LDB (RLIN)
a E 152.42 Si 64
904 ## - LOCAL DATA ELEMENT D, LDD (RLIN)
a Tripti Das Roy
904 ## - LOCAL DATA ELEMENT D, LDD (RLIN)
a Atanu Mitra
904 ## - LOCAL DATA ELEMENT D, LDD (RLIN)
a Somnath Panja
905 ## - LOCAL DATA ELEMENT E, LDE (RLIN)
a Pravinbp1
942 ## - ADDED ENTRY ELEMENTS (KOHA)
Source of classification or shelving scheme Dewey Decimal Classification
Koha item type Books
949 ## - LOCAL PROCESSING INFORMATION (OCLC)
6 DBA000119748ENG
949 ## - LOCAL PROCESSING INFORMATION (OCLC)
6 DBA000161313ENG
949 ## - LOCAL PROCESSING INFORMATION (OCLC)
6 DBA000128386ENG
Holdings
Withdrawn status Lost status Source of classification or shelving scheme Damaged status Not for loan Collection code Home library Current library Shelving location Date acquired Full call number Barcode Date last seen Copy/Vol. number Price effective from Koha item type Total Checkouts Materials specified (bound volume or other part) Source of acquisition
    Dewey Decimal Classification     New English National Library of India National Library of India New English - Main Stack Division   E 152.42 Si 64 DBA000119748ENG 27/06/2021 cop.2 27/06/2021 Books      
    Dewey Decimal Classification     New English National Library of India National Library of India New English - Main Stack Division   E 152.42 Si 64 DBA000161313ENG 27/06/2021 cop.3 27/06/2021 Books      
          New English National Library of India National Library of India New English - Main Stack Division   E 152.42 Si 64 DBA000128386ENG 27/06/2021   27/06/2021 Books      
    Dewey Decimal Classification     New English National Library of India National Library of India New English - Main Stack Division 06/02/2023 E 152.42 Si 64 GIF000054984ENG 27/04/2023 Cop.-4 27/04/2023 Books   pbk gift
                                                                           
web counter

Copyright ©2020 The National Library of India, Govt. of India ↔ Hosted by NVLI, MOC ↔ Technology and Design by National Library of India, Ministry of Culture, Govt. of India